Paroles Bénabar - Je suis de celles - Statistiques

Statistiques générales
  • Ce quiz a été pris 100 fois
  • Le résultat moyen est 319 sur 377
Statistiques - réponses
Réponse % Correct
Celle
100%
celles
100%
Celles
100%
de
100%
De
100%
Je
100%
je
100%
À
98%
à
98%
m'a
98%
Et
96%
96%
la
96%
pas,
96%
pas
96%
Qui
96%
qui
96%
sa
96%
tu
96%
ça
94%
j'ai
94%
J'ai
94%
le
94%
mari
94%
me
94%
ne
94%
que
94%
Que
94%
qu'on
94%
Qu'on
94%
un
94%
Un
94%
C'est
92%
c'est
92%
des
92%
Des
92%
dès
92%
en
92%
J'étais
92%
j'étais
92%
mais
92%
Mais
92%
moi,
92%
Moi
92%
moi
92%
On
92%
on
92%
sûr
92%
vous
92%
Vous
92%
Vous,
92%
appelle
90%
au
90%
changé
90%
enfants,
90%
fais
90%
les
90%
main
90%
peu
90%
Pour
90%
pour
90%
qu'à
90%
rien
90%
se
90%
si
90%
tenir
90%
une
90%
Une
90%
bien
88%
Bien
88%
copine
88%
Il
88%
jamais
88%
l'air
88%
lendemain
88%
Mon
88%
Nathalie
88%
oublie
88%
qu'est-ce
88%
Quoi
88%
quoi,
88%
refusiez
88%
sont
88%
suis
88%
Vos
88%
vos
88%
vrai,
88%
d'accord
86%
déjà
86%
fait
86%
Faut
86%
faut
86%
fois
86%
hommes
86%
machine
86%
m'reconnais
86%
non
86%
perdue
86%
public
86%
sache
86%
surpris
86%
aviez
84%
bras
84%
chez
84%
cour
84%
dans
84%
disent
84%
Dont
84%
ensemble
84%
étaient
84%
était
84%
jolie
84%
lycée
84%
nom
84%
peine
84%
Qu'ils
84%
trouvé
84%
vie
84%
Comme
82%
destinés
82%
garçons
82%
l'on
82%
mes
82%
n'étais
82%
pendant
82%
Pendant
82%
t'as
82%
veniez
82%
voit
82%
yeux
82%
cavernes
80%
conquêtes
80%
destinée
80%
dizaines
80%
eu
80%
m'attache
80%
m'en
80%
ouverts
80%
Petits
80%
plus
80%
fêtes
78%
filles
78%
gardiez
78%
nous
78%
paupières
78%
pensiez
78%
qu'je
78%
Toujours
78%
trop
78%
ans
76%
autre
76%
deux
76%
j'aimais
76%
marie-couche-toi-là
76%
ont
76%
petites
76%
Peut-être
76%
première
76%
rangée
76%
répétais
76%
tant
76%
Tiens,
76%
amoureuse
74%
autres
74%
chaise
74%
comptent
74%
fendre
74%
J'avais
74%
m'aimiez
74%
solitude
74%
tombe
74%
blagues
72%
console
72%
d'une
72%
M'auraient
72%
moins
72%
murmures
72%
puisse
72%
quand
72%
saintes
72%
sais,
72%
tondu
72%
voir
72%
cheveux
70%
corps
70%
dissèque
70%
élève
70%
époque
70%
guetter
70%
j'tombais
70%
personne
70%
science
70%
tendresse
70%
viriles
70%
casernes
68%
essoufflés
68%
fiers
68%
j'fermais
68%
l'habitude
68%
mot
68%
Perfides
68%
pur,
68%
souris
68%
vues
68%
Alors,
66%
beaucoup
66%
Certaines
66%
ch'veux
66%
conférence
66%
d'entre
66%
faiblesses
66%
l'avoir
66%
n'avait
66%
seul
66%
amoureuses
64%
cajole
64%
faisiez
64%
Ignorent
64%
l'abri
64%
m'embrassiez
64%
pire
64%
regards
64%
r'fusiez
64%
tombent
64%
donniez
62%
l'affirme
62%
respirer
62%
savais
62%
contre
60%
gonflé
60%
pourquoi
60%
Ben
58%
nourrissais
56%
experts
52%
Oubliant
46%
parliez
44%
qu'dans
44%
D'avoir
42%
Enlacée
40%
apparaissez
34%
fier-à-bras
32%
Aucun quiz correspondant
Distribution des résultats
% des personnes avec chaque résultat
Percentile par nombre de réponses
Votre historique - résultats
Vous n’avez pas pris ce quiz